00759nam a22001937a 4500003000900000008004100009020001800050040007100068082001900139100003100158245002900189260008600218300002800304440004900332505013400381650002300515650001100538650001600549AR-CdUCM190410b ||||| |||| 00| 0 spa d a9972-691-34-9 aMUNICIPALIDAD PROVINCIAL DEL CUSCOcBIBLIOTECA MUNICIPAL DEL CUSCO a498.535 /bC48 aCerrón Palomino, Rodolfo aLingüística Aimara / aCuzco :bCentro de Estudios Regionales Andinos "Bartolomé de las Casas",c2000. a405 páginas ;c24 cm. aBiblioteca de la tradición oral andinan21 aContenido: Historia de un hombre -- Estudios aimaraicos -- Lenguas y dialectos aimaras -- La primera codificación del aimara... aDialectos peruanos aAimara aFonología